00880cam a22002171 4500001000500000005001700005020001500022040002200037050001700059082001100076100004100087245008600128250004600214260003200260300004100292490003300333505000800366520024800374521002000622521002000642141520231204083642.0 a0590426753 aDLCcWadDLCbeng00aPZ7.W244bSc a813.541 aWarner, Gertrude Chandlerd1890-197910aSchoolhouse mystery /c Gertrude Chandler Warner; illustrated by David Cunningham aFirst Scholastic printing, September 1990 aNiles :bScholastic, c1965 a128 pages :billustrations ;c20 cm  aThe boxcar childrenvBook 10 aO  aHenry, Jessie, Violet, and Benny once lived on their own in a boxcar... The Boxcar Children are spending the summer in a tiny, quiet New England fishing village. The little schoolhouse doesn't have a proper teacher, so the Aldens are teaching! a640 bLexile  aO bRaz-Plus